000 00740nam a22002417a 4500
999 _c17442
_d17442
003 AR-CdUCM
008 190508b ||||| |||| 00| 0 spa d
040 _aMUNICIPALIDAD PROVINCIAL DEL CUSCO
_cBIBLIOTECA MUNICIPAL DEL CUSCO
041 _hita
082 _23ed.
_a858.91 /
_bD99
100 _aD´annunzio, Gabriel
_930647
245 _aEl placer /
260 _aBarcelona :
_bMaucci.
300 _a207 páginas ;
_c19 cm.
500 _aAntes del titulo "Las novelas de la rosa".
505 _aContenido: Novela.
650 _aLiteratura Italiana
_9615
650 _aNovela Italiana
_910534
650 _aSiglo XX
_98
700 _aReverter Delmas, Emilio (traducción)
_937463
942 _2ddc
_cLIBROS
945 _aachl
_d2019-05-08